Представление документа в формате MARC21

ПолеНазваниеЗначение
  Тип записи a
  Библиографический уровень m
001 Контрольный номер RU/URAIT/516279
003 Принадлежность контрольного номера https://urait.ru/bcode/516279
005 Дата корректировки 20230913130132.2
008 Кодируемые данные
020 Индекс ISBN __
a ISBN 978-5-534-09338-4
c Цена, тираж 1709.00
040 Источник каталогиз. __
a Служба первич. каталог. ИКО Юрайт
b Код языка каталог. rus
c Служба, преобразующая запись ИКО Юрайт
041 Код языка издания 0_
a Код языка текста rus
044 Код страны публикации __
a Код страны публикации RU
073 _1
a 9785534093384
d 1709.00
080 Индекс УДК __
a Индекс УДК 691(075.32)
084 Индекс другой классификации/Индекс ББК __
a Индекс другой классификации/Индекс ББК 38.3я723
2 Источник индекса rubbk
091 Индексы/ коды __
a Индекс ББК (DOS) 38.3я723
z rubbk
100 Автор 1_
a Автор Рыбьев И. А.
q Полное имя Игорь Александрович
230 __
a Электрон. дан.
245 Заглавие 00
a Заглавие Строительное материаловедение в 2 ч. Часть 2
b Продолж. заглавия учебник
c Ответственность И. А. Рыбьев.
250 Сведения об издании __
a Основные сведения об издании 4-е изд.
b Дополнительные сведения об издании пер. и доп
260 Выходные данные 1_
a Место издания Москва
b Издательство Юрайт
c Дата издания 2023
300 Физическое описание __
a Объем 429 с
440 Серия _0
a Серия Профессиональное образование
500 Примечания __
a Примечание URL: https://urait.ru/bcode/516279 (дата обращения: 13.09.2023).
520 Аннотация __
a Аннотация В пособии впервые изложены основы фундаментальной науки прикладного характера, именуемой строительным материаловедением и состоящей из двух главных взаимосвязанных компонентов — теории и практики. Приводятся новейшие данные по структурообразованию материалов, их прочности, деформации и другим закономерностям общей теории, а также сведения по технологии производства и применению строительных материалов в их широкой номенклатуре. Учебник состоит из двух частей. Первая часть включает в себя теоретические и практические вопросы строительного материаловедения, вторая часть является продолжением первой и также посвящена практике строительного материаловедения.
538 Прим. о системных особенностях __
a Прим. о системных особенностях Режим доступа: Электронно-библиотечная система Юрайт, для авториз. пользователей
653 Ключевые слова 2_
a Ключевые слова Строительство
653 Ключевые слова 2_
a Ключевые слова Технические науки и информационные технологии
653 Ключевые слова 2_
a Ключевые слова Материаловедение
653 Ключевые слова 2_
a Ключевые слова Основы материаловедения
653 Ключевые слова 2_
a Ключевые слова Здания и сооружения
653 Ключевые слова 2_
a Ключевые слова Строительные материалы и изделия
653 Ключевые слова 2_
a Ключевые слова Материалы и изделия сантехнических устройств и систем обеспечения микроклимата
653 Ключевые слова 2_
a Ключевые слова Основы надежности и долговечности инженерных сооружений
653 Ключевые слова 2_
a Ключевые слова Строительное материаловедение
653 Ключевые слова 2_
a Ключевые слова Основы современного материаловедения
653 Ключевые слова 2_
a Ключевые слова Основы строительного материаловедения
856 Электронный адрес документа 40
n Местонахождение сервера Юрайт
g Электронная книга
q Тип электронного формата html
h Имя пользователя ЮРАЙТ
v Часы доступа к ресурсу 20251231
2 Способ доступа Показать документ
x Служебное примечание https://urait.ru/book/cover/B9DF15F2-98A8-4BFD-AEA0-1B8AFE6713F9
u URL https://urait.ru/bcode/516279
856 Электронный адрес документа 41
q Тип электронного формата cover
u URL https://urait.ru/book/cover/B9DF15F2-98A8-4BFD-AEA0-1B8AFE6713F9